000 00641nam a2200241Ia 4500
003 OSt
005 20221007110403.0
006 a|||||r|||| 00| 0
007 ta
008 221006b |||||||| |||| 00| 0 eng d
024 _a21,033
037 _cTextual
040 _aLCO
_cLCO
_beng
041 _2eng
_aeng
082 _aZv,93, K7
100 _aPound Roscoe
_979221
245 0 _aInterpretations of Legal History
260 _aCambridge
_bThe Cambridge University Press U.S.A.
_c1967
300 _a171
650 _aLEGAL HISTORY
_9695031
942 _hZv,93, K7
_cTEXL
999 _c1190596
_d1190596